000 00664nam a22002417a 4500
003 UA-OsUOA
001 52090
007 ta
008 20150526b un ||||| |||| 00| 0 ukr d
100 _aГроха Л.
090 _a09.-82-3
_bГ89
942 _cBR
040 _aUA-OsUOA
_bukr
_cUA-OsUOA
_dUA-OsUOA
245 _aЧобіт лиха наробив
300 _a28 с.
955 _a3
041 _aukr
080 _a09.-82-3
260 _aК.
_bМистецтво
_c1946
650 7 _a0 Загальний відділ.
_2UDC
999 _c432211
_d432211